Elektronické bankovníctvo na Slovensku relatívne nová forma spojenia klienta s bankou súvisí s rozvojom Internetu - Internet Banking a mobilnej telefónnej siete - GSM Banking

Bibliographic Details
Main Author: Kušnír, Peter (Author)
Format: Article
Language:Slovak
PhysicalDescription:Obr.
Subjects:

MARC

LEADER 00000nab a2200000 a 4500
001 vtls000672018
003 SK-MaSNL
005 20260302190621.0
008 040806c1998 xo 0 slo
015 |a SNBRB1998/09-26456 
035 |a CLN000024194 
040 |a SNKBUCL  |b slo  |c SNKBUCL  |e AACR2 
041 0 |a slo 
044 |a xo  |c SK 
080 |a 336.717:681.3(437.6)  |2 UDC-MRF-SK2 
080 |a 654.93:681.3  |2 UDC-MRF-SK2 
080 |a 681.3  |2 UDC-MRF-SK2 
100 1 |a Kušnír, Peter  |4 aut  |9 648379 
245 1 0 |a Elektronické bankovníctvo  |b na Slovensku relatívne nová forma spojenia klienta s bankou súvisí s rozvojom Internetu - Internet Banking a mobilnej telefónnej siete - GSM Banking  |c Peter Kušnír 
300 |b Obr. 
650 0 7 |a elektronické bankovníctvo  |2 SNKPH  |9 67758 
655 7 |a články z novín a časopisov  |2 snkbucl  |9 267496 
773 0 |t Profit  |g Roč. 6, č. 39 (1998), s. 42 
850 |a Slovenská národná knižnica v Martine 
852 |a SNK  |b KIS3GCP 
999 |c 1434075  |d 1436005